Statistics for Столичные города, наиболее близкие к Москве

Click here to take the quiz!

General Stats

  • This quiz has been taken 325 times
  • The average score is 14 of 20

Answer Stats

кмстолица% Correct
758Киев
97%
676Минск
94%
1153Варшава
86%
843Рига
83%
893Хельсинки
83%
1610Берлин
83%
868Таллин
77%
1645Осло
76%
781Вильнюс
75%
1228Стокгольм
71%
1571Будапешт
71%
1669Прага
68%
1501Бухарест
64%
1144Кишинев
58%
1672Вена
58%
1776София
57%
1633Братислава
54%
1562Копенгаген
53%
1715Белград
51%
1647Тбилиси
50%

Score Distribution

Percentile by Number Answered

Percent of People with Each Score

Your Score History

You have not taken this quiz